000 00554cam a22002291 4500
001 sa 64009077
003 DLC
005 20260227112059.0
008 940922s1964 ii 000 0 telo
010 _asa 64009077
025 _aPL480:I-Te-974
035 _a(OCoLC)31160549
040 _aDLC
_cCU
_dCU
_dDLC
042 _apremarc
050 0 0 _aPL4780.6
_b.M6
100 1 _aMōhan, K. R. K.,
_d1933-
245 1 0 _aTuṣārabinduvulu.
260 _c[1964]
300 _a156 p.
_c18 cm.
500 _aIn Telugu.
650 0 _aShort stories, Telugu.
999 _c61241
_d61241